English skills with reading (Record no. 5113)

MARC details
005 - DATE AND TIME OF LATEST TRANSACTION
control field 20250625150051.0
020 ## - INTERNATIONAL STANDARD BOOK NUMBER
International Standard Book Number 0-07-09263-X
082 ## - DEWEY DECIMAL CLASSIFICATION NUMBER
Classification number 808.04 LAN
100 ## - MAIN ENTRY--PERSONAL NAME
Author name LANGAN, J.
245 ## - TITLE STATEMENT
Title English skills with reading
250 ## - EDITION STATEMENT
Edition statement 4th Ed.
260 ## - PUBLICATION, DISTRIBUTION, ETC.
Place of publication, distribution, etc. Boston
Name of publisher, distributor, etc. McGraw-Hill College
Date of publication, distribution, etc. 1998
300 ## - PHYSICAL DESCRIPTION
Extent xviii, 654pages,Index
Dimensions 24cm
942 ## - ADDED ENTRY ELEMENTS (KOHA)
Source of classification or shelving scheme Dewey Decimal Classification
Suppress in OPAC No
Koha item type Books
Holdings
Date last seen Total checkouts Full call number Barcode Price effective from Koha item type Lost status Source of classification or shelving scheme Damaged status Not for loan Withdrawn status Home library Current library Shelving location Date acquired Source of acquisition
06/25/2025   808.04 LAN DOM0002801 06/25/2025 Books   Dewey Decimal Classification       CBE Dodoma CBE Dodoma General Collection 07/15/1996 Library Budget